Statistics for Top Ten Countries With The Least Precipitation

Click here to take the quiz!

General Stats

  • This quiz has been taken 30 times
  • The average score is 8 of 10

Answers on the Map

Answers color-coded by a green-red scale on the quiz's map according to % correct below.
 

Answer Stats

Country% Correct
Egypt
97%
Saudi Arabia
93%
Algeria
86%
Libya
86%
Jordan
83%
Qatar
79%
United Arab Emirates
79%
Kuwait
69%
Mauritania
69%
Bahrain
62%

Score Distribution

Percentile by Number Answered

Percent of People with Each Score

Your Score History

You have not taken this quiz